<?xml version="1.0" encoding="UTF-8"?>
<collection xmlns="http://www.loc.gov/MARC21/slim">
<record>
  <controlfield tag="001">286150</controlfield>
  <controlfield tag="005">20230131174312.0</controlfield>
  <datafield tag="035" ind1=" " ind2=" ">
    <subfield code="a">G:(GEPRIS)248107073</subfield>
  </datafield>
  <datafield tag="024" ind1="7" ind2=" ">
    <subfield code="a">G:(GEPRIS)248107073</subfield>
    <subfield code="d">248107073</subfield>
  </datafield>
  <datafield tag="040" ind1=" " ind2=" ">
    <subfield code="a">GEPRIS</subfield>
    <subfield code="c">http://gepris.its.kfa-juelich.de</subfield>
  </datafield>
  <datafield tag="150" ind1=" " ind2=" ">
    <subfield code="a">Funktionelle Spezifität von Kinasen der BSK Familie bei der frühembryonalen Entwicklung (B01)</subfield>
    <subfield code="y">2014 - 2021</subfield>
  </datafield>
  <datafield tag="371" ind1=" " ind2=" ">
    <subfield code="a">Dr. Martin Bayer</subfield>
  </datafield>
  <datafield tag="450" ind1=" " ind2=" ">
    <subfield code="a">SFB 1101 B01</subfield>
    <subfield code="w">d</subfield>
    <subfield code="y">2014 - 2021</subfield>
  </datafield>
  <datafield tag="510" ind1="1" ind2=" ">
    <subfield code="a">Deutsche Forschungsgemeinschaft</subfield>
    <subfield code="0">I:(DE-588b)2007744-0</subfield>
    <subfield code="b">DFG</subfield>
  </datafield>
  <datafield tag="550" ind1=" " ind2=" ">
    <subfield code="0">G:(GEPRIS)232631280</subfield>
    <subfield code="a">SFB 1101: Molekulare Kodierung von Spezifität in pflanzlichen Prozessen</subfield>
    <subfield code="w">t</subfield>
  </datafield>
  <datafield tag="680" ind1=" " ind2=" ">
    <subfield code="a">Um die funktionell wichtigen Unterschiede im Expressionsmuster zwischen SSP und BSK1 zu verstehen, wollen wir die Rolle von Transposonsequenzen bei der transkriptionellen Aktivierung von SSP durch DUO1 untersuchen. Parallel dazu sollen Proteinstrukur-Analysen dabei helfen, den Unterschied in der Proteinaktivität zwischen SSP und BSK1 auf molekularer Ebene zu verstehen. Darüber hinaus soll untersucht werden, ob SSP spezifisch nur YDA-abhängige Signalwege aktiviert oder prinzipiell in der Lage ist, auch andere BSK-abhängige Signalwege zu aktivieren.</subfield>
  </datafield>
  <datafield tag="909" ind1="C" ind2="O">
    <subfield code="o">oai:juser.fz-juelich.de:952893</subfield>
    <subfield code="p">authority:GRANT</subfield>
    <subfield code="p">authority</subfield>
  </datafield>
  <datafield tag="980" ind1=" " ind2=" ">
    <subfield code="a">G</subfield>
  </datafield>
  <datafield tag="980" ind1=" " ind2=" ">
    <subfield code="a">AUTHORITY</subfield>
  </datafield>
  <datafield tag="909" ind1="C" ind2="O">
    <subfield code="o">oai:juser.fz-juelich.de:952893</subfield>
  </datafield>
</record>
</collection>